000 00342nam a2200121Ia 4500
008 220214s9999 xx 000 0 und d
245 0 _aPlanting and Commerce
260 _bPlanting and Commerce
_aErnakulam
500 _aEnding Volume & Year: 15, 1967
500 _aMissing Volume: 13
500 _aStarting Volume & Year: 1, 1953
942 _cBJ
999 _c3295
_d3295